| 000 | 00667nam a22001577a 4500 | ||
|---|---|---|---|
| 008 | 100325s2009 ii|||||r|||| 001 0 eng d | ||
| 082 |
_222 _a006.32 _bGOS |
||
| 100 |
_913109 _aGoswami, Gunjan |
||
| 245 |
_aIntroduction to Artificial Neural Networks/ _cGunjan Goswami |
||
| 260 |
_aNew Delhi: _bS. K. Kataria & Sons, 2009 _c2009 |
||
| 300 | 2 |
_a267 p.: _bill.; _c23 cm. |
|
| 500 | _aIncludes index | ||
| 650 |
_912929 _aNeural Networks (Computer Science). |
||
| 942 |
_2ddc _cBB |
||
| 999 |
_c13779 _d13779 |
||